ICARE n° 185/ 186, AIR France et son histoire 1933-2003, troisième partie 1983-2003, Roissy, 2003 (notice n° 1650990)

détails MARC
000 -LEADER
fixed length control field 01828cam a2200169 4500500
005 - DATE AND TIME OF LATEST TRANSACTION
control field 20260208005210.0
041 ## - LANGUAGE CODE
Language code of text/sound track or separate title fre
042 ## - AUTHENTICATION CODE
Authentication code dc
100 10 - MAIN ENTRY--PERSONAL NAME
Personal name M., A.
Relator term author
245 00 - TITLE STATEMENT
Title ICARE n° 185/ 186, AIR France et son histoire 1933-2003, troisième partie 1983-2003, Roissy, 2003
260 ## - PUBLICATION, DISTRIBUTION, ETC.
Date of publication, distribution, etc. 2004.<br/>
500 ## - GENERAL NOTE
General note 68
520 ## - SUMMARY, ETC.
Summary, etc. Le modèle wordnet est le plus répandu des modèles de représentation de la sémantique lexicale reposant sur un inventaire de sens a priori. A la suite du Princeton WordNet de l’anglais, des ressources de type wordnet ont été développées pour plusieurs dizaines de langues, dont le français, le plus souvent au moyen de techniques automatiques ou semi-automatiques. Dans cet article, nous revenons tout d’abord sur les caractéristiques et les limites du modèle wordnet. Nous dressons ensuite un panorama des méthodes utilisées pour le développement de wordnets, avant d’illustrer nos propres travaux dans ce domaine par le développement du WOLF, le WOrdnet Libre du Français.
520 ## - SUMMARY, ETC.
Summary, etc. The wordnet model is the most widespread model for representing lexical semantics based on an a priori inventory of meanings. Following the Princeton WordNet of English, wordnet-type resources have been developed for dozens of languages, including French, most often using automatic or semi-automatic techniques. In this article, we first review the characteristics and limitations of the wordnet model. We then present a panorama of wordnet development methods. We finally illustrate our own work in this area on the development of WOLF, the free French wordnet.
786 0# - DATA SOURCE ENTRY
Note Revue Historique des Armées | 234 | 1 | 2004-03-01 | p. 132-132 | 0035-3299
856 41 - ELECTRONIC LOCATION AND ACCESS
Uniform Resource Identifier <a href="https://shs.cairn.info/revue-revue-historique-des-armees-2004-1-page-132?lang=fr&redirect-ssocas=7080">https://shs.cairn.info/revue-revue-historique-des-armees-2004-1-page-132?lang=fr&redirect-ssocas=7080</a>

Pas d'exemplaire disponible.

PLUDOC

PLUDOC est la plateforme unique et centralisée de gestion des bibliothèques physiques et numériques de Guinée administré par le CEDUST. Elle est la plus grande base de données de ressources documentaires pour les Étudiants, Enseignants chercheurs et Chercheurs de Guinée.

Adresse

627 919 101/664 919 101

25 boulevard du commerce
Kaloum, Conakry, Guinée

Réseaux sociaux

Powered by Netsen Group @ 2025